| 000 | 01420cam a2200385 a 4500 | ||
|---|---|---|---|
| 001 | 13047902 | ||
| 003 | Nust | ||
| 005 | 20220831124137.0 | ||
| 008 | 030103s2003 nyu 000 1 eng | ||
| 010 | _a 2003040614 | ||
| 020 | _a9781447221838 | ||
| 040 |
_aDLC _cDLC _dDLC |
||
| 043 |
_an-us-ct _aa-vt--- |
||
| 050 | 0 | 0 |
_aPR6051.R285 _bS665 2003 |
| 082 | 0 | 0 |
_a823 _bARC |
| 100 | 1 |
_aArcher, Jeffrey, _d1940- _911436 |
|
| 245 | 1 | 0 |
_aSons of fortune / _cJeffrey Archer. |
| 250 | _a1st ed. | ||
| 260 |
_aNew York : _bSt. Martin's Press, _c2003. |
||
| 300 |
_a596 p. ; _c25 cm. |
||
| 650 | 0 |
_aTwins _vFiction. _998736 |
|
| 650 | 0 |
_aBrothers _vFiction. _98009 |
|
| 650 | 0 |
_aInfants switched at birth _vFiction. _998737 |
|
| 650 | 0 |
_aVietnam War, 1961-1975 _xVeterans _vFiction. _998738 |
|
| 650 | 0 |
_aBanks and banking _vFiction. _998739 |
|
| 650 | 0 |
_aPoliticians _vFiction. _998740 |
|
| 651 | 0 |
_aHartford (Conn.) _vFiction. _998741 |
|
| 655 | 7 |
_aPsychological fiction. _2lcsh |
|
| 655 | 7 |
_aDomestic fiction. _2lcsh |
|
| 856 | 4 | 2 |
_3Contributor biographical information _uhttp://www.loc.gov/catdir/bios/hol052/2003040614.html |
| 856 | 4 | 2 |
_3Publisher description _uhttp://www.loc.gov/catdir/description/hol032/2003040614.html |
| 906 |
_a7 _bcbc _corignew _d1 _eocip _f20 _gy-gencatlg |
||
| 942 |
_2ddc _cBK |
||
| 999 |
_c234713 _d234713 |
||